| 000 | 01192pam a2200337 a 4500 | ||
|---|---|---|---|
| 999 |
_c700 _d700 |
||
| 001 | 1544012 | ||
| 003 | OSt | ||
| 005 | 20180823091858.0 | ||
| 008 | 910919s1991 mnu 000 1 eng | ||
| 010 | _a 91036674 | ||
| 020 |
_a1556611889 : _c$8.95 |
||
| 040 |
_aDLC _cDLC _dDLC |
||
| 043 | _ae-po--- | ||
| 050 | 0 | 0 |
_aPS3570.H46 _bW37 1991 |
| 082 | 0 | 0 |
_a813 _220 _bT449W |
| 100 | 1 |
_aThoene, Bodie, _d1951- |
|
| 245 | 1 | 0 |
_aWarsaw requiem / _cBodie Thoene ; research and development by Brock Thoene. |
| 260 |
_aMinneapolis, Minn. : _bBethany House Publishers, _cc1991. |
||
| 300 |
_a510 p. ; _c21 cm. |
||
| 490 | 1 |
_aZion covenant ; _v6 |
|
| 500 | _aSequel to: Danzig passage. | ||
| 650 | 0 |
_aJews _zPoland _zWarsaw _xFiction. |
|
| 650 | 0 |
_aWorld War, 1939-1945 _zPoland _zWarsaw _xFiction. |
|
| 650 | 0 |
_aHolocaust, Jewish (1939-1945) _xFiction. |
|
| 651 | 0 |
_aWarsaw (Poland) _xFiction. |
|
| 655 | 7 |
_aReligious fiction. _2lcsh |
|
| 800 | 1 |
_aThoene, Bodie, _d1951- _tZion covenant ; _v6. |
|
| 906 |
_a7 _bcbc _corignew _d1 _eocip _f19 _gy-gencatlg |
||
| 942 |
_2ddc _cBK |
||